000 00891nam a2200289 4500
003 EG-GICUC
005 20260427114850.0
008 260427s1946 sz ||||fr|||| 00| 0 eng d
040 _aEG-GiCUC
_beng
_cEG-GiCUC
_dEG-GiCUC
_erda
041 _aeng
_heng
082 0 4 _221
_a341.22
_bLE . L
092 0 4 _221
099 _aLaw 11 341.22 LE . L 1946
110 1 _aLeague of Nations
_eAuthor.
245 1 3 _aThe League Hands Over /
_cBy League of Nations.
264 1 _ageneva;
_bLeague of Nations,
_c1946.
300 _a126 pages :
_billustrations,
_c24 cm
336 _2rda content
_atext
337 _2rda media
_aComputer
338 _2rda carrier
_aOnline Resource
504 _aBibliography: pages 200-250.
650 1 _aPublic international law
_2qrmak
651 1 _2qrmak
856 4 0 _uhttps://fll.law.cu.edu.eg/fulltext/bks/B11-05216.pdf
905 _a31
942 _2ddc
_n0
_cBK
_e21
999 _c73657
_d73657